00783nam a2200253Ia 4500003000400000005001700004008004100021020002200062040000700084041000800091082001300099100002600112245004300138250000600181260003700187300001600224365001300240650002200253650002700275906004300302942001200345999001900357952015300376OSt20230511162100.0210423s2012 xx 000 0 und d a978-0-07-009145-0 cAL aeng a339 DWIM aDWIVEDI (D N)9103913 aMacroeconomics: theory and policy Ed 3 a3 aNew DelhibTata McGrawhillc2012 axvi,667bPB b550cINR aEconomics9103914 aMacroeconomics9103915 aEd ; Macroeconomics: ; policy ; theory 2ddccBK c166126d166126 001040708ECOaSACPGbSACPGd2014-11-18ePrajwal book distributorsg550.00l4o339 DWIMpPG012625r2024-02-01 00:00:00s2024-01-23w2021-04-26yBK